000 00285nam a22001217a 4500
041 _aENG
100 _aStanley .E
245 _aThe Fundamentals Of Food Engineering
260 _aLandan
_bThe Avi Pub Company Inc
_c1971
300 _a629
650 _aAPE ( 02 )
856 _uAPE ( 02 )
999 _c2848
_d2848